000 01007nam a2200253Ia 4500
003 OSt
005 20220923221254.0
006 a|||||r|||| 00| 0
007 ta
008 220922b |||||||| |||| 00| 0 hin d
024 _a196,348
037 _cTextual
040 _aARTS
_cARTS
_bhin
041 _2hin
_ahin
082 _aP152 v, 152N3
100 _aरत्नाकर, मोहन लाल; अग्रवाल, वीरेेन्द्र कुमार
_9165273
245 0 _aहिन्दी साहित्य का इतिहास
246 _aHindī sāhitya kā itihāsa
260 _aनई दिल्ली
_b शारदा प्रका0
_c1993
300 _a128पृ.
_ccm.
650 _aहिन्दी मुहावरा कोश
_9160651
942 _hP152 v, 152N3
_cTEXL
_2CC
999 _c348239
_d348239